000 00765nam a2200229Ia 4500
003 OSt
005 20220923230432.0
006 a|||||r|||| 00| 0
007 ta
008 220922b |||||||| |||| 00| 0 pan d
024 _a281,940
037 _cTextual
040 _aARTS
_cARTS
_bpan
041 _2pan
_apan
082 _aO153,3N191,NR, M4
100 _aਅੰਮ੍ਰਿਤਾ ਪ੍ਰੀਤਮ
245 0 _aਚਿਤ੍ਰਕਾਰ ਹਰਿਕ੍ਰਿFਨ ਦਾ ਗ਼ਿੰਦਗੀਨਾਮਾ ਨਾ ਰਾਧਾ ਨਾ ਰੁਕਮਣੀ
260 _c1984
650 _aਪੰਜਾਬੀ ਸਾਹਿਤ
942 _hO153,3N191,NR, M4
_cTEXL
_2CC
999 _c384777
_d384777